000 00820nam a2200205 a 4500
003 0
005 20250507102421.0
008 050808s19uu xx 00 eng d
050 _aPHS LB 1139.2
_b.Q84 2005
100 _aQweider, Dana Khalid.
245 _aEffects of preschool education on the academic performance of grade school students /
_cDana Khalid Qweider.
260 _aLas PiƱas City, Philippines :
_bSouthville International School and Colleges,
_c2005.
300 _a26 pages :
_billustrations ;
_c28 cm.
504 _aIncludes bibliographical references.
650 _2Library of Congress Subject Headings
_aPreschool education
_zPhilippines.
650 _aEarly childhood education
_xEvaluation.
650 _aPreschool children
_xEducation
_vLongitudinal studies.
942 _2lcc
_cPASS
999 _c97292
_d97292